Travel the World by Historical People #2 - Statistics

General Stats
  • This quiz has been taken 43 times
  • The average score is 13 of 25
Answer Stats
Famous person Country % Correct
Kim Il-Sung North Korea
100%
Deng Xiaopeng China
95%
PSY South Korea
93%
Mustafa Kemal Atatürk Turkey
74%
Aristotle Onassis Greece
71%
Joseph Stalin Georgia
64%
Saif al-Islam Gaddafi Libya
60%
Igor Stravinsky Russia
60%
Omar Sharif Egypt
52%
Didier Drogba Ivory Coast
52%
Mahmoud Ahmadinejad Iran
50%
Slobodan Milošević Serbia
50%
Albert Camus Algeria
48%
László Bíró Hungary
48%
Viktor Yanukovych Ukraine
48%
Georgi Markov Bulgaria
43%
Hamilcar Barca Tunisia
43%
Ashraf Ghani Afghanistan
40%
Kofi Annan Ghana
40%
Mansa Musa Mali
40%
Uzeyir Hajibeyov Azerbaijan
36%
Saparmurat Niyazov Turkmenistan
36%
Thomas Sankara Burkina Faso
29%
Ellen Johnson Sirleaf Liberia
21%
Eugenia Osho-Williams Sierra Leone
17%
No matching quizzes found
Score Distribution
Percent of People with Each Score
Percentile by Number Answered
Your Score History
You have not taken this quiz